Εσωτερική μετανάστευση
Αποθηκεύτηκε σε:
| Κύριος συγγραφέας: | |
|---|---|
| Συγγραφή απο Οργανισμό/Αρχή: | |
| Μορφή: | Βιβλίο |
| Γλώσσα: | Greek |
| Δημοσίευση: |
Αθήνα :
Κέντρο Προγραμματισμού και Οικονομικών Ερευνών,
1995
|
| Σειρά: | Εκθέσεις (Κέντρο Προγραμματισμού και Οικονομικών Ερευνών)
; 21 |
| Θέματα: | |
| Ετικέτες: |
Προσθήκη ετικέτας
Δεν υπάρχουν, Καταχωρήστε ετικέτα πρώτοι!
|
MARC
| LEADER | 00000cam a2200000 i 4500 | ||
|---|---|---|---|
| 001 | 1/7179 | ||
| 008 | 960725s1995 gre d | ||
| 020 | |a 960-341-018-7 | ||
| 035 | |l 10016613 | ||
| 040 | |a GR-MY-UA |b gre |e aacr | ||
| 041 | 0 | |a gre | |
| 082 | 0 | |a 304.809495 | |
| 100 | 1 | |a Κανελλόπουλος, Κωσταντίνος Ν. | |
| 245 | 1 | 0 | |a Εσωτερική μετανάστευση / |c Κωνσταντίνου Ν. Κανελλόπουλου |
| 260 | |a Αθήνα : |b Κέντρο Προγραμματισμού και Οικονομικών Ερευνών, |c 1995 | ||
| 300 | |a 73 σ. |b πιν. | ||
| 490 | 1 | |a Εκθέσεις (Κέντρο Προγραμματισμού και Οικονομικών Ερευνών) |v ; 21 | |
| 504 | |a Περιέχει βιβλιογραφία | ||
| 650 | 0 | 0 | |a Migration, Internal |z Greece. |
| 710 | 2 | |a Κέντρο Προγραμματισμού και Οικονομικών Ερευνών. | |
| 830 | 0 | |a Εκθέσεις (Κέντρο Προγραμματισμού και Οικονομικών Ερευνών) |v ; 21 | |
| 852 | |a INST |b CHIOS |c TSAMOYRGELIS |e 20190902 |h 304.809495 ΚΑΝ |p 005200039285 |q 005200039285 |t BK |y 0 | ||
| 852 | |a INST |b LESVOS |e 19960725 |h 304.809495 ΚΑΝ |p 005100009423 |q 005100009423 |t BK |y 0 | ||